| 000 | 01486 a2200205 4500 | ||
|---|---|---|---|
| 020 | _a0134849086 | ||
| 020 | _a9780134849089 | ||
| 082 | 0 | 4 | _a650.0285 |
| 090 |
_c1928 _d1928 |
||
| 100 | 1 | _aSenn, James A. | |
| 245 | 1 | 0 |
_aInformation technology in business : _bprinciples, practices, and opportunities / _cJames A. Senn. |
| 250 | _aAnnotated ed. | ||
| 260 |
_a[S.l.] : _bPrentice Hall College Div, _c1995. |
||
| 300 |
_a16 p. ; _c26 cm. |
||
| 500 | _aHardcover. | ||
| 520 | _aWritten by a highly regarded, internationally-known consultant and educator in business and information, this text examines the way IT is transforming the nature of business careers in the 1990s and beyond. Each chapter explores proven IT theories, frameworks, and principles concerning computers and communications networks - together with current on-the-job know-how drawn from the experiences of a wide variety of real-world businesses. The emphasis throughout is on the way information technology is used and applied for problem-solving, the new and emerging technologies as they are being implemented in real large and small organizations, applications to personal and professional practice, and the challenges and opportunities of IT in international business situations. | ||
| 856 | 4 | 0 |
_3Amazon.com _uhttp://www.amazon.com/exec/obidos/ASIN/0134849086/chopaconline-20 |
| 856 | 4 | 0 |
_3Amazon customer reviews _uhttp://www.chopac.org/cgi-bin/tools/azrev.pl?q=0134849086 |
| 942 |
_aNBS _cBK _k650.028521 SEN |
||
| 999 |
_c344434 _d344434 |
||